|
|
แสดงรายละเอียดบรรณานุกรม |
|
|
Brief Record
: Get Marc (ISO 2709)
: E-mail record
: |
|
|
| LEADER 00000nam 2200000uu 4500 | |||
| 001 210536 | |||
| 003 ULIBM | |||
| 008 020711s2557 th a 000 0 tha d | |||
| 020 978-616-314-138-5 | |||
| 060 4 WI 575 อ441 2557 | |||
| 245 อวัยวะในช่องท้องและอุ้งเชิงกราน : พื้นฐานทางการแพทย์=^bThe abdominopelvic organs : basic medical approach/^cบรรณาธิการ,ขจร ลักษณ์ชยปกรณ์...[และคนอื่นๆ]. | |||
| 246 00 ^aThe abdominopelvic organs : basic medical approach | |||
| 250 พิมพ์ครั้งที่ 2 | |||
| 260 กรุงเทพฯ :^bโรงพิมพ์มหาวิทยาลัยธรรมศาสตร์,^c2557 | |||
| 300 544 หน้า :^bภาพประกอบ ;^c26 ซม. | |||
| 650 4 ระบบย่อยอาหาร | |||
| 650 4 ^aระบบปัสสาวะและอวัยวะสืบพันธุ์ | |||
| 650 4 ^aช่องท้อง^xกายวิภาคศาสตร์ | |||
| 700 0 ^aขจร ลักษณ์ชยปกรณ์,^eบรรณาธิการ | |||
| 700 0 ^aณัฏฐกัญญา สุวรรณลิขิต,^eบรรณาธิการ | |||
| 700 0 ^aตรีทิพย์ รัตนวรชัย,^eบรรณาธิการ | |||
| 700 0 ^aนุชนาฏ เสือเล็ก,^eบรรณาธิการ | |||
| 700 0 ^aอมรณัฏฐ์ ทับเปีย,^eบรรณาธิการ | |||
| 700 0 ^aอุรารัตน์ แน่นหนา,^eบรรณาธิการ | |||
| 999 ^aใช้งานได้ทุกระบบ | |||
| คุณยังไม่ได้ล็อกอิน คุณสามารถมีกิจกรรมร่วมกับเว็บไซต์ได้ แต่ต้องล็อกอินก่อน :: |
|
| สถานะ | |||||||||
| 1. | หนังสือทั่วไป สถานะ=หนังสือเก่า - บริการ ณ ห้องสมุด (ห้องเหลือง) | WI 575 อ441 2557 ฉ.1 | On Shelf ขอยืม | ||||||
| Note:งบประมาณปี 2558 | |||||||||
| 2. | หนังสือทั่วไป | WI 575 อ441 2557 ฉ.6 | On Shelf ขอยืม | ||||||
| Note:จัดซื้อปีงบ 59 | |||||||||
| 3. | หนังสือทั่วไป | WI 575 อ441 2557 ฉ.2 | On Shelf ขอยืม | ||||||
| Note:งบประมาณปี 2558 | |||||||||
| 4. | หนังสือทั่วไป | WI 575 อ441 2557 ฉ.3 | On Shelf ขอยืม | ||||||
| Note:งบประมาณปี 2558 | |||||||||
| 5. | หนังสือทั่วไป สถานะ=หนังสือเก่า - บริการ ณ ห้องสมุด (ห้องเหลือง) | WI 575 อ441 2557 ฉ.4 | On Shelf ขอยืม | ||||||
| Note:งบประมาณปี 2558 | |||||||||
| 6. | หนังสือทั่วไป สถานะ=หนังสือเก่า - บริการ ณ ห้องสมุด (ห้องเหลือง) | WI 575 อ441 2557 ฉ.5 | On Shelf ขอยืม | ||||||
| Note:งบประมาณปี 2558 | |||||||||
| [แสดง 6/6 รายการ] | |||||||||
| รายการใกล้เคียง หัวเรื่อง [ระบบย่อยอาหาร]
|
BibComment |
| คอมเมนท์ทรัพยากรรายการนี้ |
|
|